000
00338nam a2200145Ia 4500
008
230718s9999 xx 000 0 und d
041
_a
Eng.
082
_a
347.735
_b
CAM-K
100
_a
Cammisby, David
245
0
_a
Kantian Cm sequentia
260
_a
Pakistan
_b
sweet and Mannual
_c
1954
300
_a
380
650
_a
Law
999
_c
26264
_d
26264